[Event "45th Olympiad 2024"]
[Site "Budapest HUN"]
[Date "2024.09.14"]
[Round "4.52"]
[Board "2"]
[White "Araujo Sanchez, Josue"]
[Black "Al Thebaiti, Ahmed M"]
[Result "1-0"]
[WhiteElo "2296"]
[BlackElo "1993"]
[PlyCount "125"]
[EventDate "2024.09.11"]
[WhiteTeam "Dominican Republic"]
[BlackTeam "Saudi Arabia"]
[WhiteTeamCountry "DOM"]
[BlackTeamCountry "SAU"]

1. e4 {Lorenzini,Martin} e5 2. Nf3 Nc6 3. Bc4 Bc5 4. O-O Nf6 5. d3 O-O 6. Re1 d6 7. c3 h6 8. Nbd2 a6 ({RR} 8... a5 9. h3 Be6 10. Bb5 Qb8 11. Nf1 ({RR} 11. Bxc6 bxc6 12. d4 exd4 13. cxd4 Bb4 14. a3 Bxd2 15. Nxd2 Re8 16. b3 d5 17. e5 Nd7 18. Qh5 c5 19. Re3 f5 20. exf6 Bf7 21. Qh4 Rxe3 22. fxe3 Qe8 23. Nf3 Nxf6 24. dxc5 Bg6 25. Bb2 Qxe3+) 11... Qa7 12. Be3 Bxe3 13. Nxe3 Ne7 14. a4 Ng6 15. Bc4 Bxc4 16. Nxc4 Qa6 17. g3 Rfe8) ({RR} 8... a5 9. Nf1 Bb6 10. Be3 Bxe3 11. Nxe3 Be6 12. Bb5 Ne7 13. Ba4 Ng6 14. Bc2 Re8 15. d4 c6 16. Qd2 Qc7 17. Nf5 Rad8 18. Rad1 Bxa2 19. b3 a4 20. bxa4 Bc4 21. Qc1 Ne7 22. Ne3 Be6 23. Qb2 {1-0 Vachier Lagrave,M (2789)-Caruana,F (2816) Paris GCT blitz 2018 (2)}) 9. b4 $146 ({RR} 9. Nf1 Ba7 10. a4 Ne7 ({RR} 10... Be6 11. Bxe6 fxe6 12. Be3 Bxe3 13. Rxe3 a5 14. Ng3 Qe8 15. Qb3 Ra6 16. Rae1 Rb6 17. Qc2 Ne7 18. Nd2 Ng6 19. f3 Ra6 20. Qb3 Rb6 21. Qc2 Ra6 22. Qb3 b6 23. d4 Ra8 24. Nc4 Nd7 25. Na3) ({RR} 10... Re8 11. Qb3 ({RR} 11. b4 Be6 12. Bxe6 Rxe6 13. Be3 Qd7 14. b5 Ne7 15. bxa6 bxa6 16. Bxa7 Rxa7 17. Qb3 c6 18. Rab1 Ng6 19. g3 a5 20. Ne3 Re8 21. Nc4 Kh7 22. Qc2 Qe6 23. Ne3 d5 24. Kg2 Kg8 25. h4 Rd7) 11... Qe7 12. a5 Rb8 13. Be3 Be6 14. Bxe6 Qxe6 15. Qxe6 Rxe6 16. Bxa7 Nxa7 17. Ne3 Rd8 18. b4 d5) 11. Ng3 Ng6 12. d4 ({RR} 12. h3 c6 13. Bb3 ({RR} 13. Ba2 Be6 ({RR} 13... d5) 14. Bxe6 fxe6) 13... d5 14. exd5 Nxd5 15. d4 exd4 16. Nxd4 Re8 ({RR} 16... Bd7 17. Bxd5 cxd5 18. Be3 f5 19. f4 ({RR} 19. Ne6 Bxe6 20. Bxa7 Re8 21. Bd4) 19... Kh7 20. Qf3 Qh4 ({RR} 20... Qc7) 21. Nge2 Rae8 22. Bf2 Qf6 23. Qxd5 Bc6 24. Nxc6 Bxf2+ 25. Kxf2 bxc6 26. Qd4 Qh4+ 27. Kg1 Re4) 17. Rxe8+ Qxe8 18. Bxd5 cxd5 19. Be3 Bb8 20. Qd2 Bxg3 ({RR} 20... Bd7) 21. fxg3 Qe5 ({RR} 21... Bd7) 22. Bf2 Bd7 23. Nb3 Qg5 24. Qxg5 hxg5 25. Nc5 Bc6 26. b4 Ne5) 12... c6 13. Bd3 ({RR} 13. h3 d5 14. Bb3 ({RR} 14. Bd3 dxe4 15. Nxe4 Nxe4 16. Bxe4 f5 17. Bd3 e4 18. Bc4+ Kh8 19. Ne5 Nxe5 20. dxe5 Qe8) 14... Nxe4 15. Nxe4 dxe4 16. Nxe5 Nxe5 17. dxe5 Qxd1 18. Rxd1 Bf5) 13... Bg4 14. Be2 Re8 15. h3 Bxf3 16. Bxf3 d5 17. exd5 Nxd5 18. dxe5 Nxe5 ({RR} 18... Qb6) 19. Bxd5 Qxd5 20. Qxd5 cxd5 21. Rd1 Rad8 22. Nf5 Nc6 23. Kf1 d4 {1-0 Grischuk,A (2764)-Wen,Y (2586) CHN-chT China 2019 (17.1)}) ({RR} 9. Nf1 Ba7 10. h3 Na5 11. Bb3 Nxb3 12. axb3 Re8 13. Ng3 Be6 14. d4 exd4 15. Nxd4 Nd7 16. Be3 Qf6 17. f4 Nf8 18. Qf3 Bd7 19. Nh5 Qd8 20. f5 c5 21. Qg3 g6 22. Nf3 Kh7 23. Qf4 g5 {1-0 Niemann,H (2688)-Grigorjev,I (2433) Titled Tue 11th Jun Early 2024 (4)}) ({RR} 9. Nf1 Re8 10. Ng3 Ba7 11. Bb3 Be6 12. Bc2 d5 13. exd5 Qxd5 14. h3 Rad8 15. Qe2 Bc5 16. b4 Bf8 17. Bb2 Qd7 18. Qf1 Bd5 19. Re3 b5 20. a3 Re6 21. Rae1 e4 22. Nxe4 Nxe4 23. c4 Ng5 {1-0 So,W (2770)-Radjabov,T (2765) Skilling op KO rapid 2020 (1.22)}) ({RR} 9. Nf1 Re8 10. Bb3 Be6 11. Bc2 d5 12. exd5 Bxd5 13. b4 Bb6 14. Ne3 Be6 15. Bb2 Qd7 16. a4 Bxe3 17. Rxe3 Nd5 18. Re1 Bg4 19. h3 Bh5 20. b5 axb5 21. axb5 Na5 22. c4 Nf4 23. Rxe5 Nxh3+ {½-½ Puranik,A (2604)-Jobava,B (2588) Wch Blitz Warsaw 2021 (12)}) 9... Ba7 10. a4 a5 11. b5 Ne7 12. Nf1 Ng6 13. Ng3 Re8 14. Qb3 Be6 15. Bxe6 Rxe6 16. Bd2 d5 17. exd5 Qxd5 18. Qxd5 Nxd5 19. d4 exd4 20. Rxe6 fxe6 21. cxd4 Bb6 22. Ne4 Kf7 23. Rc1 Ke7 24. g3 Nf6 25. Nc5 Bxc5 26. Rxc5 Nd5 27. Kf1 Kd7 28. Rc2 Nb6 29. Ra2 Kd6 30. Ke2 Kd5 31. h4 h5 32. Rc2 Kd6 33. Ra2 Kd5 34. Be1 Ne7 35. Kd3 Nf5 36. Bd2 Ne7 37. Bf4 c6 38. Nd2 cxb5 39. axb5 a4 40. Ne4 e5 41. Bxe5 g6 42. Bc7 Nec8 43. Re2 Ke6 44. Bf4 Kf5 45. f3 a3 46. Nc3 Kf6 47. Ra2 Ne7 48. Bc1 Nf5 49. Ne4+ Kg7 50. Rxa3 Rc8 51. Ra7 Rxc1 52. Rxb7+ Kf8 53. Rxb6 Rd1+ 54. Ke2 Rb1 55. Rb8+ Ke7 56. Kd3 Rd1+ 57. Nd2 Nxg3 58. b6 Kd7 59. Kc2 Re1 60. Nc4 Re6 61. d5 Rf6 62. Rg8 Rf4 63. Rg7+ 1-0

[Event "45th Olympiad 2024"]
[Site "Budapest HUN"]
[Date "2024.09.14"]
[Round "4.52"]
[Board "3"]
[White "Alshnaiber, Yazeed"]
[Black "Camacho Campusano, David Daniel"]
[Result "0-1"]
[WhiteElo "1889"]
[BlackElo "2219"]
[PlyCount "86"]
[EventDate "2024.09.11"]
[WhiteTeam "Saudi Arabia"]
[BlackTeam "Dominican Republic"]
[WhiteTeamCountry "SAU"]
[BlackTeamCountry "DOM"]

1. e4 e5 2. Nf3 Nc6 3. Bc4 Nf6 4. d3 Bc5 5. O-O d6 6. c3 a6 7. Bb3 Ba7 8. Nbd2 O-O 9. h3 Ne7 10. Re1 Ng6 11. Nf1 h6 12. Ng3 Nh7 ({RR} 12... Be6 13. d4 Qc8 14. Be3 Rd8 15. Qc2 c5 16. Bxe6 Qxe6 17. d5 Qd7 18. c4 b5 19. b3 Rdb8 20. Nf5 Kf8 21. Nh2 Bb6 22. Bd2 Bd8 23. Ng4 bxc4 24. bxc4 Ne8 25. Rab1 h5 26. Nh2 Nf4 27. Ng3 {1-0 Leko,P (2713)-Piket,J (2659) Amber-blindfold 11th rapid 2002 (8)}) 13. d4 Qf6 14. Nh2 $146 ({RR} 14. Be3 Ng5 15. Nh2 Ne6 16. Ng4 Qd8 17. Nf5 Nef4 18. Bxf4 exf4 19. Nh2 Qf6 20. Bc2 Qg5 21. Nf3 Qh5 22. Qd3 Re8 23. a4 Nf8 24. N5h4 g5 25. Nf5 Qg6 26. Qc4 c6 27. Qd3 Nh7 28. a5 Bb8 {½-½ Sachdev,T (2243)-Nadig,K (2110) IND-ch (Women) 29th 2003 (11)}) ({RR} 14. Nh5 Qe7 15. Be3 Nf6 16. Ng3 Nh7 17. Nh2 Be6 18. Nf5 Qd7 19. Qh5 Nf6 20. Qf3 Bxf5 21. Qxf5 Qxf5 22. exf5 Nh4 23. dxe5 Bxe3 24. Rxe3 dxe5 25. Rxe5 Rfe8 26. Rae1 Nxf5 27. Ng4 Nd6 28. Nxf6+ gxf6 {1-0 Putnam,L (2323)-Gil Alba,H (2294) Titled Tue 27th Feb Early 2024 (1)}) ({RR} 14. Be3 Ng5 15. Nxg5 hxg5 16. Nh5 Qe7 17. Qf3 Nf4 18. Rad1 g6 19. Nxf4 gxf4 20. Bc1 Kg7 21. Bc2 Rh8 22. b4 g5 23. dxe5 dxe5 24. c4 g4 25. Qc3 Qg5 26. c5 gxh3 27. g3 f6 28. Kh2 fxg3+ {1-0 Michael,O (1995)-Tin,R (1685) Penang op 6th 2014 (2)}) ({RR} 14. Nh5 Qe7 15. Be3 Be6 16. Qd2 Bxb3 17. axb3 Nh4 18. Nxh4 Qxh4 19. Ng3 Rfe8 20. Nf5 Qf6 21. f3 d5 22. dxe5 Rxe5 23. Bxa7 Rxa7 24. Qf2 Qb6 25. Qxb6 cxb6 26. exd5 Rxf5 27. Re8+ Nf8 28. Rd1 g5 {1-0 Zwirs,N (2324)-Beeke,B (2249) Hilversum op 2015 (6)}) 14... exd4 15. Nf5 Bxf5 16. exf5 Qxf5 17. cxd4 Rae8 18. Rxe8 Rxe8 19. Be3 Nf6 20. Ng4 Nxg4 21. hxg4 Qf6 22. g3 c6 23. g5 hxg5 24. Qh5 Nf8 25. Bxg5 Qg6 26. Qxg6 Nxg6 27. Be3 d5 28. Bc2 Nf8 29. Kg2 Ne6 30. Rd1 g6 31. g4 Kg7 32. b4 Bb8 33. a4 b5 34. axb5 axb5 35. Bd3 Rc8 36. Rc1 Rc7 37. Kf3 g5 38. Ke2 Ba7 39. Bf5 Bxd4 40. Bxe6 Bxe3 41. Kxe3 Re7 42. Kd4 Rxe6 43. Kc5 Re4 0-1

[Event "45th Olympiad 2024"]
[Site "Budapest HUN"]
[Date "2024.09.14"]
[Round "4.53"]
[Board "1"]
[White "Johnson, Joshua"]
[Black "Kanegeni, Matthew Kamau"]
[Result "1-0"]
[WhiteElo "2267"]
[BlackElo "1976"]
[PlyCount "61"]
[EventDate "2024.09.11"]
[WhiteTeam "Trinidad & Tobago"]
[BlackTeam "Kenya"]
[BlackTeamCountry "KEN"]

1. e4 e5 2. Nf3 Nc6 3. Bc4 Nf6 4. d3 Bc5 5. O-O d6 6. c3 a6 7. a4 Ba7 8. Re1 O-O 9. Nbd2 Re8 10. h3 h6 11. b4 Be6 12. Bxe6 Rxe6 13. Bb2 Qd7 ({RR} 13... Ne7 14. c4 a5 15. bxa5 Nc6 16. Bc3 Nd7 17. Rb1 Nc5 18. Nf1 Rg6 19. Ne3 Ne6 20. Nd5 Rb8 21. Rb2 Ng5 22. Nxg5 Qxg5 23. Qf3 Bd4 24. Reb1 Bxc3 25. Nxc3 Nxa5 26. Nd5 Nc6 27. Ne3 b6 28. Nf5 {0-1 Ding,L (2791)-Carlsen,M (2863) Carlsen Tour Final rapid 2020 (1.22)}) 14. Nf1 Nh5 $146 ({RR} 14... Rd8 15. Ng3 d5 16. b5 Ne7 17. exd5 Qxd5 18. c4 Qxd3 19. Nxe5 Qd2 20. Qe2 Qg5 21. Qf3 Rd2 22. Nd3 Bxf2+ 23. Nxf2 Rxb2 24. Rxe6 fxe6 25. Re1 Nf5 26. Nxf5 exf5 27. Qxb7 Ne4 28. Qd5+ Kh7 29. Rf1 {0-1 Fitzsimons,D (2337)-Collins,S (2456) Dublin Irish New Year GM 2022 (7)}) ({RR} 14... Rd8 15. Ng3 d5 16. b5 Ne7 17. exd5 Qxd5 18. c4 Qxd3 19. Bxe5 Ne8 20. Qxd3 Rxd3 21. Rad1 Rxd1 22. Rxd1 axb5 23. cxb5 f6 24. Rd8 Kf7 25. Bc3 Nd6 26. Ba5 Bb6 27. Bxb6 cxb6 28. Nd4 Re1+ 29. Kh2 {1-0 Zemlyanskii,I (2543)-Ma Qun (2638) Eastern Economic Forum 2024 (4.1)}) ({RR} 14... Rae8 15. b5 Ne7 16. c4 Ng6 17. Ng3 c6 18. d4 exd4 19. Bxd4 Bb8 20. bxa6 bxa6 21. Qc2 d5 22. Bxf6 Rxf6 23. Nh5 Rfe6 24. exd5 Rxe1+ 25. Rxe1 Rxe1+ 26. Nxe1 cxd5 27. cxd5 Qxd5 28. Qc8+ Nf8 29. Qxb8 {0-1 Tabatabaei,M (2629)-Gozzoli,Y (2600) Chess24 Banter Blitz Cup Qual-G 2020 (1.5)}) 15. d4 Nf4 16. Bc1 Rg6 17. Bxf4 exf4 18. Nh4 Rf6 19. Nh2 d5 20. Qg4 Qxg4 21. Nxg4 Rd6 22. Nf5 Rdd8 23. b5 g6 24. Nfxh6+ Kg7 25. bxc6 bxc6 26. Ne5 Kxh6 27. Nxf7+ Kg7 28. Nxd8 Rxd8 29. exd5 Rxd5 30. Re7+ Kf6 31. Rxc7 1-0

[Event "45th Olympiad 2024"]
[Site "Budapest HUN"]
[Date "2024.09.14"]
[Round "4.53"]
[Board "4"]
[White "Mutuge Ian"]
[Black "Harper, Ryan"]
[Result "0-1"]
[WhiteElo "1938"]
[BlackElo "2124"]
[PlyCount "70"]
[EventDate "2024.09.11"]
[WhiteTeam "Kenya"]
[BlackTeam "Trinidad & Tobago"]
[WhiteTeamCountry "KEN"]

1. e4 e5 2. Nf3 Nc6 3. Bb5 a6 4. Ba4 Nf6 5. d3 b5 6. Bb3 Bc5 7. a4 Rb8 8. axb5 axb5 9. O-O d6 10. Be3 ({RR} 10. h3 h6 11. Nc3 O-O 12. Ne2 Re8 13. c3 Bb6 14. Ng3 Be6 15. Re1 d5 16. Be3 Bxe3 17. Rxe3 dxe4 18. dxe4 Qxd1+ 19. Bxd1 Ra8 20. Rc1 Ra2 21. b4 Bc4 22. Be2 Bxe2 23. Nxe2 Rb2 24. Ng3 Na7 {1-0 Nakamura,H (2736)-Dominguez Perez,L (2758) Saint Louis Blitz 2020 (6)}) ({RR} 10. h3 O-O 11. Bg5 h6 12. Bh4 Re8 13. Nc3 Be6 14. Bd5 Bxd5 15. Nxd5 g5 16. Nxg5 Nxd5 17. exd5 hxg5 18. Qg4 Nd4 19. Bxg5 Qc8 20. Qh5 Qf5 21. c3 Ne2+ 22. Kh2 Nf4 23. Qh6 Nxd5 24. Rae1 Qh7 {0-1 Kopczynski,M (2225)-Kleiman,J (2399) Titled Tue 16th Jan Late 2024 (3)}) 10... Bb6 $146 ({RR} 10... Bg4 11. h3 Bxf3 12. Qxf3 Nd4 13. Bxd4 Bxd4 14. c3 Bc5 15. Rd1 Qe7 16. Nd2 O-O 17. Nf1 b4 18. Bc4 bxc3 19. bxc3 Rb2 20. Ne3 g6 21. d4 Bb6 22. Ra2 {½-½ Zhigalko,S (2653)-Lalith,B (2565) Warsaw Najdorf Memorial op-A 14th 2016 (7)}) ({RR} 10... Bxe3 11. fxe3 O-O 12. Nc3 b4 13. Nd5 Nxd5 14. Bxd5 Ne7 15. Bb3 Ng6 16. Qe1 h6 17. Qg3 Kh7 18. Nd2 Qe7 19. Rf2 Be6 20. Bxe6 Qxe6 21. b3 Ra8 22. Rff1 c6 23. Qf2 Rxa1 24. Rxa1 Ne7 25. Nf1 {½-½ Safranska,A (2322)-Grigoryan,A (2605) Abu Dhabi op 21st 2013 (1)}) ({RR} 10... O-O 11. h3 Bxe3 12. fxe3 d5 13. exd5 Nxd5 14. Qe1 Be6 15. Nc3 Nxc3 16. Qxc3 Bxb3 17. Qxb3 Rb6 18. Rf2 Qe7 19. Nd2 Qc5 20. Rf3 Qb4 21. c3 Qd6 22. d4 exd4 23. exd4 b4 24. Ne4 Qd8 25. Qc4 {1-0 Perez Mitjans,O (2478)-Quevedo Marin,M (2204) San Sebastian de los Reyes op 17th 2015 (4)}) 11. Qe1 O-O 12. Nbd2 Re8 13. Bxb6 Rxb6 14. Ra8 h6 15. Qa1 Rf8 16. Re1 Nb8 17. Nf1 Bb7 18. Ra2 Nbd7 19. c3 d5 20. exd5 Nc5 21. Bc2 Bxd5 22. Ra3 Bxf3 23. gxf3 Ne6 24. Rxe5 Ng5 25. Nd2 Nd7 26. Re3 Nh3+ 27. Kf1 Rg6 28. Ke1 Rg1+ 29. Nf1 Qg5 30. Kd2 Qg2 31. Re1 Qxf2+ 32. Re2 Qxf3 33. c4 Rxf1 34. Bd1 b4 35. Ra7 Nf4 0-1

[Event "45th Olympiad 2024"]
[Site "Budapest HUN"]
[Date "2024.09.14"]
[Round "4.54"]
[Board "1"]
[White "Thomas, Saah"]
[Black "El Jawich, Amro"]
[Result "0-1"]
[WhiteElo "1939"]
[BlackElo "2296"]
[PlyCount "82"]
[EventDate "2024.09.11"]
[WhiteTeam "Liberia"]
[BlackTeam "Lebanon"]
[WhiteTeamCountry "LBR"]
[BlackTeamCountry "LBN"]

1. e4 c5 2. Nc3 a6 3. a4 Nc6 4. Bc4 e6 5. f4 Nge7 6. e5 d6 7. exd6 Nf5 8. Nf3 Bxd6 9. d3 Qc7 ({RR} 9... O-O 10. O-O Qc7 11. g3 Bd7 12. Ne4 Be7 13. c3 Nd6 14. Ba2 Rfd8 15. Qc2 b5 16. Be3 Nxe4 17. dxe4 c4 18. Bb1 e5 19. fxe5 Nxe5 20. Nxe5 Qxe5 21. Bd4 Bc5 22. Qf2 Bxd4 23. cxd4 Qe7 24. axb5 {0-1 Sai Agni Jeevitesh,J (2274)-Jimenez,M (1946) Titled Tue 16th Apr Early 2024 (9)}) ({RR} 9... b6 10. Ne4 Be7 11. O-O Bb7 12. Bd2 Nd6 13. Nxd6+ Qxd6 14. c3 Na5 15. Ne5 Nxc4 16. Nxc4 Qxd3 17. Nxb6 Rd8 18. Rf2 c4 19. Qf1 Bc5 20. Nxc4 Bxf2+ 21. Kxf2 Qxf1+ 22. Rxf1 Bd5 23. Ne3 Bxg2 24. Kxg2 {0-1 Salman,S (1505)-El Jawich,A (2238) Beirut op 10th 2019 (2)}) 10. g3 O-O $146 ({RR} 10... b6 11. O-O Bb7 12. Ne4 Nfd4 13. Nfg5 h6 14. Nxd6+ Qxd6 15. Ne4 Qc7 16. Re1 O-O-O 17. Be3 f5 18. Nd2 Nb4 19. Bxd4 Rxd4 20. Bxe6+ Kb8 21. Bxf5 c4 22. Nxc4 Qf7 23. Be6 Qc7 24. Bf5 Qf7 25. Ne3 {1-0 Lopez Garrido,D-Gallego Bergada,A (2000) ESP-ch U12 Mondariz 2004 (7)}) ({RR} 10... b6 11. Ne4 Bb7 12. O-O h5 13. Qe1 Ncd4 14. Nxd4 Nxd4 15. Qf2 O-O-O 16. Be3 Nf5 17. Ng5 Qc6 18. Nf3 g5 19. fxg5 h4 20. g4 Ng3 21. hxg3 hxg3 22. Qd2 Rh2 23. Qc3 Qxf3 24. Rxf3 Bxf3 25. Bxa6+ {0-1 Urgel Varela,F (1831)-Bayona Bafaluy,J (1759) Aragon-chT Preferente A 2014 (2.48)}) ({RR} 10... h5 11. O-O Bd7 12. Ne4 Be7 13. Nfg5 Na5 14. Ba2 c4 15. c3 Rd8 16. d4 Bc6 17. Qe2 Bd5 18. Bd2 Qc6 19. Rae1 Qxa4 20. Bb1 Nb3 21. Nc5 Nxc5 22. Bxf5 Rd7 23. Qe5 Kf8 24. dxc5 exf5 25. Qxf5 {½-½ Buckan,J (2060)-Miezis,N (2510) Kiel op 15th 2002 (2)}) 11. Ne4 Be7 12. c3 Rb8 13. Qe2 b5 14. Bb3 Bb7 15. g4 Nh4 16. g5 Nf5 17. Bc2 Bd6 18. O-O Nce7 19. Nxd6 Qxd6 20. axb5 axb5 21. Ne5 f6 22. gxf6 gxf6 23. Nf3 Kh8 24. Kf2 Ng6 25. Qd2 Rg8 26. d4 Bxf3 27. Kxf3 Ngh4+ 28. Ke2 Rg2+ 29. Rf2 Qd5 30. Qe1 Rbg8 31. Kd1 Rxf2 32. Qxf2 Qh1+ 33. Ke2 Rg2 34. Ra8+ Kg7 35. Ra7+ Kh6 36. Be3 Rxf2+ 37. Bxf2 Qf3+ 38. Ke1 Ng2+ 39. Kf1 Nge3+ 40. Ke1 Nxc2+ 41. Kd2 Qxf2+ 0-1

[Event "45th Olympiad 2024"]
[Site "Budapest HUN"]
[Date "2024.09.14"]
[Round "4.54"]
[Board "2"]
[White "Khoder, Akram"]
[Black "Barcon, Harmon"]
[Result "1-0"]
[WhiteElo "2239"]
[BlackElo "1968"]
[PlyCount "137"]
[EventDate "2024.09.11"]
[WhiteTeam "Lebanon"]
[BlackTeam "Liberia"]
[WhiteTeamCountry "LBN"]
[BlackTeamCountry "LBR"]

1. d4 d5 2. c4 c6 3. Nf3 Nf6 4. g3 e6 5. Bg2 Bb4+ 6. Nbd2 O-O 7. O-O Nbd7 8. Qc2 Bxd2 ({RR} 8... a5 9. e4 b6 10. e5 Ne8 11. cxd5 cxd5 12. Nb1 Ba6 13. Ng5 g6 14. Rd1 Rc8 15. Nc3 b5 16. Qd3 Be7 17. Nf3 Rc6 18. Qe3 b4 19. Ne2 Ng7 20. Bh3 Nb6 21. Nf4 Nc4 22. Qe1 a4 23. Nd3 {1-0 Kozul,Z (2625)-Petkov,V (2534) Izmir MTS 4th 2015 (7)}) ({RR} 8... b6 9. e4 Bxd2 10. Nxd2 dxc4 11. Nxc4 Ba6 12. Rd1 Bxc4 13. Qxc4 Rc8 14. Qa6 Nc5 15. Qe2 Ncd7 16. b3 Qe7 17. a4 e5 18. dxe5 Nxe5 19. Bb2 Rfd8 20. Bh3 Rb8 21. Rac1 c5 22. Bg2 Qe6 23. f4 {1-0 Lever,E (2199)-Prada Villagrasa,P (2131) TCh-CAT Gp1 2024 (3.9)}) 9. Bxd2 $146 ({RR} 9. Nxd2 e5 10. e4 exd4 11. cxd5 cxd5 12. exd5 Ne5 13. Nc4 d3 14. Qc3 Nxc4 15. Qxc4 Bf5 16. Bf4 Qb6 17. Be5 Rac8 18. Qf4 Bg6 19. Rac1 Rc2 20. Bc3 Rd8 21. Qa4 h6 22. Rce1 Bh5 23. Bxf6 Qxf6 {½-½ Amiridou,D (1871)-Drakaki,A (1956) 44th ch-GRE Women 2022 (7.3)}) 9... Ne4 10. Bf4 Re8 11. a4 a5 12. Rfe1 Nf8 13. Ne5 Nf6 14. c5 Ng6 15. Nxg6 hxg6 16. Rab1 Nd7 17. e4 dxe4 18. Bd6 f5 19. f3 exf3 20. Bxf3 Nf6 21. Re3 Nd5 22. Bxd5 cxd5 23. Rb3 Ra6 24. Be5 Rc6 25. Rb5 b6 26. b4 axb4 27. R1xb4 bxc5 28. Rxc5 Rxc5 29. Qxc5 Qg5 30. Qc3 Ba6 31. Bf4 Qg4 32. Qe1 Qf3 33. Rb6 Bd3 34. Rb3 Kh7 35. Qb1 Bxb1 36. Rxf3 Ra8 37. Ra3 Ra6 38. a5 Be4 39. h4 Kg8 40. Kf2 Kf7 41. Bc7 Bh1 42. Ke3 Bg2 43. Ra1 Be4 44. Rc1 Ra8 45. Bb6 Kg8 46. Rc7 Bg2 47. Kf4 Bf1 48. Kg5 Kh7 49. Rf7 Bd3 50. Re7 Rc8 51. Bc7 Rg8 52. Be5 Bc4 53. Ra7 Bd3 54. a6 Bb5 55. Kf4 Kh6 56. Ke3 g5 57. Re7 gxh4 58. Rxe6+ Kh5 59. Rb6 Bxa6 60. Rxa6 g5 61. gxh4 Kxh4 62. Kf3 Kh5 63. Rf6 f4 64. Rf5 Rc8 65. Bxf4 Rc3+ 66. Be3 Kh4 67. Rxd5 g4+ 68. Kf4 g3 69. Rd8 1-0

[Event "45th Olympiad 2024"]
[Site "Budapest HUN"]
[Date "2024.09.14"]
[Round "4.54"]
[Board "3"]
[White "Obediah Saah"]
[Black "Assaad, Joe"]
[Result "0-1"]
[WhiteElo "1976"]
[BlackElo "2150"]
[PlyCount "92"]
[EventDate "2024.09.11"]
[WhiteTeam "Liberia"]
[BlackTeam "Lebanon"]
[WhiteTeamCountry "LBR"]
[BlackTeamCountry "LBN"]

1. d4 Nf6 2. c4 e6 3. Nc3 Bb4 4. Qc2 d5 5. Bg5 O-O 6. e3 h6 7. Bh4 Nbd7 ({RR} 7... c5 8. Nf3 cxd4 9. exd4 Nc6 10. Rd1 b6 11. cxd5 exd5 12. Be2 Be7 13. O-O Be6 14. Ne5 Rc8 15. Ba6 Nb4 16. Qa4 Nxa6 17. Qxa6 Ne4 18. Bxe7 Qxe7 19. Nxe4 dxe4 20. d5 Bd7 21. Qxa7 Qxe5 22. Qxd7 {½-½ Korobov,A (2688)-Seo,J (2455) Titled Tuesday intern op 15th Sept blitz 2020 (5)}) 8. cxd5 ({RR} 8. Bd3 Qe8 9. Nf3 b6 10. cxd5 exd5 11. O-O Bxc3 12. Qxc3 c5 13. dxc5 bxc5 14. Bxf6 Nxf6 15. Qxc5 Bg4 16. Nd4 Qe5 17. Rac1 g6 18. b4 h5 19. Qc7 Qxc7 20. Rxc7 Rfe8 21. h3 Be6 22. Rfc1 Ne4 {1-0 Croad,N (2171)-Wang,J (1667) 131st ch-NZL Rapid 2024 (2.5)}) 8... exd5 9. Bd3 c5 10. Nf3 $146 ({RR} 10. Nge2 c4 11. Bh7+ Kh8 12. Bf5 g6 13. Bh3 Nb6 14. Bxc8 Rxc8 15. O-O Re8 16. a3 Bf8 17. Qd2 Ne4 18. Bxd8 Nxd2 19. Bxb6 Nxf1 20. Kxf1 axb6 21. Nxd5 Rc6 22. Nec3 Rd8 23. e4 Kg7 24. Rd1 h5 {1-0 Sliwa,B-Szukszta,J POL-ch16 Lodz 1959 (6)}) 10... c4 11. Be2 g5 12. Bg3 Ne4 13. Nd2 Ndf6 14. Ndxe4 Nxe4 15. O-O Bxc3 16. bxc3 Bf5 17. Qb2 Qd7 18. a4 Bg6 19. f3 Nxg3 20. hxg3 f5 21. f4 Rae8 22. Kf2 Rf6 23. Rfe1 Rfe6 24. Bf3 g4 25. Bd1 Qe7 26. Qd2 h5 27. e4 fxe4 28. Ke3 Rf8 29. Qf2 Ref6 30. Rh1 Rb6 31. Qa2 Be8 32. a5 Ra6 33. Qb2 Qc7 34. Qa3 Raf6 35. Rf1 h4 36. Qc5 Bc6 37. gxh4 Rxf4 38. Be2 Rxf1 39. Rxf1 Qg3+ 40. Kd2 e3+ 41. Kd1 Rxf1+ 42. Bxf1 Ba4+ 43. Kc1 Qe1+ 44. Kb2 Qd2+ 45. Kb1 Qc2+ 46. Ka1 Qc1+ 0-1

[Event "45th Olympiad 2024"]
[Site "Budapest HUN"]
[Date "2024.09.14"]
[Round "4.55"]
[Board "2"]
[White "Eichab, Charles"]
[Black "Andrianiaina, Heritiana"]
[Result "0-1"]
[WhiteElo "2013"]
[BlackElo "2149"]
[PlyCount "64"]
[EventDate "2024.09.11"]
[WhiteTeam "Namibia"]
[BlackTeam "Madagascar"]
[WhiteTeamCountry "NAM"]
[BlackTeamCountry "MAD"]

1. c4 Nf6 2. Nf3 e6 3. e3 d5 4. Nc3 Bd6 5. Be2 ({RR} 5. b3 b6 6. cxd5 exd5 7. Bb2 O-O 8. Nb5 Be7 9. Be5 Ne8 10. Rc1 c5 11. Bxb8 Rxb8 12. Nxa7 Bb7 13. Nb5 d4 14. Bc4 Nd6 15. O-O Nxc4 16. bxc4 d3 17. Rc3 Bf6 18. Rb3 Qd7 19. Ne1 Qe6 {1-0 Artemiev,V (2700)-Ding,L (2799) Airthings Masters KO rapid 2022 (1.14)}) 5... dxc4 $146 ({RR} 5... O-O 6. Qc2 c5 7. O-O Nc6 8. d4 Re8 9. Rd1 Qc7 10. Nb5 Qd8 11. dxc5 Bxc5 12. cxd5 Qe7 13. dxc6 bxc6 14. Nc7 Qxc7 15. Qxc5 Rb8 16. b3 Bb7 17. Bb2 Nd5 18. Be5 Qb6 19. Qxb6 axb6 20. Bxb8 {1-0 Vallee Rivas,G-Sequera Morales,J (1542) Guayana IRT CAAC 1er 2014 (1)}) ({RR} 5... O-O 6. b3 b6 7. Bb2 Bb7 8. Qc2 a6 9. d3 Nbd7 10. O-O c5 11. cxd5 exd5 12. d4 Rc8 13. dxc5 bxc5 14. Rad1 Re8 15. Qb1 Qe7 16. Rd2 Ne5 17. Nxe5 Qxe5 18. g3 d4 19. Nd1 Ne4 20. Rd3 {0-1 Herman,D (1936)-Ter Sahakyan,S (2616) Titled Tue 2nd Jul Late 2024 (9)}) ({RR} 5... O-O 6. O-O e5 7. cxd5 e4 8. Ng5 h6 9. Ncxe4 Nxe4 10. Nxe4 Be5 11. d4 Bd6 12. b3 Be7 13. Bb2 Qxd5 14. Qd3 Bf5 15. Bf3 Nc6 {1-0 Janse Van Vuren,E (961)-Smit,A (993) RSA-ch U10 Waterkloof 2015 (5)}) 6. Qa4+ Nc6 7. Qxc4 e5 8. d3 O-O 9. Bd2 Nb4 10. Qb3 Be6 11. Qd1 Bf5 12. e4 Bg4 13. Be3 Bxf3 14. Bxf3 Bc5 15. Ke2 Qd6 16. a3 Nc6 17. b4 Bb6 18. Rc1 Rfd8 19. Qc2 a5 20. b5 Nd4+ 21. Bxd4 Qxd4 22. Nd1 a4 23. Ne3 Ra5 24. Rb1 Qd7 25. Qc4 Bc5 26. Nc2 b6 27. Rhd1 Ng4 28. Bxg4 Qxg4+ 29. Kf1 Qf4 30. d4 exd4 31. Nxd4 Qxe4 32. Nc6 Qxc4+ 0-1

[Event "45th Olympiad 2024"]
[Site "Budapest HUN"]
[Date "2024.09.14"]
[Round "4.56"]
[Board "3"]
[White "Chashawa, Shaief"]
[Black "Yang, ching Wei"]
[Result "0-1"]
[WhiteElo "1825"]
[BlackElo "2121"]
[PlyCount "104"]
[EventDate "2024.09.11"]
[WhiteTeam "Suriname"]
[BlackTeam "Chinese Taipei"]
[WhiteTeamCountry "SUR"]

1. e4 c5 2. Nf3 d6 3. d4 cxd4 4. Nxd4 Nf6 5. Nc3 Nc6 6. Bg5 e6 7. Qd2 a6 8. O-O-O Bd7 9. Kb1 Be7 10. h4 b5 11. Nxc6 Bxc6 12. f3 b4 ({RR} 12... Qc7 13. Ne2 h6 14. Be3 d5 15. e5 Nd7 16. f4 Nc5 17. Nd4 Ne4 18. Qe1 Bd7 19. g4 O-O-O 20. Bd3 g5 21. f5 gxh4 22. f6 Bc5 23. Rxh4 Qxe5 24. Bxe4 Qxe4 25. Qc3 Kb7 26. Nxe6 Bxe6 27. Qxc5 {1-0 Giri,A (2764)-Vachier Lagrave,M (2784) Opera Euro Rapid Prelim 2021 (9)}) 13. Bxf6 $146 ({RR} 13. Ne2 Qa5 14. Nd4 Bd7 15. Bd3 Rc8 16. Nb3 Qb6 17. Be3 Qb7 18. Na5 Qc7 19. Qxb4 Rb8 20. Qd2 Bb5 21. g4 d5 22. g5 Nd7 23. exd5 Bxd3 24. cxd3 Bb4 25. Qc1 Qxa5 26. dxe6 fxe6 27. Qc6 Bc3 {0-1 Acikel,M (2244)-Namitbir,S (2376) Titled Tue 2nd Apr Early 2024 (3)}) ({RR} 13. Ne2 Qb6 14. Be3 Qb7 15. Nd4 Bd7 16. g4 a5 17. Bd3 a4 18. h5 h6 19. Qe2 Ra5 20. Bc1 Nh7 21. f4 Bf6 22. Nf3 Bc6 23. Rhg1 a3 24. b3 Bc3 25. Nd2 Bxd2 26. Bxd2 Nf6 27. Qe1 Nh7 {1-0 Barbosa,E (2476)-Paredes Lagos,A (2211) Zonal 2.4 2022 (6.3)}) ({RR} 13. Ne2 d5 14. Nd4 Bb7 15. e5 Nd7 16. f4 h6 17. Bxe7 Qxe7 18. Bd3 O-O-O 19. c3 Qc5 20. Nb3 bxc3 21. Nxc5 cxd2 22. Nxa6 Bxa6 23. Bxa6+ Kc7 24. Rxd2 g5 25. g3 gxf4 26. gxf4 Rhg8 27. Be2 Rg2 {1-0 Huang,Z (1518)-Ramaj,E (1934) World Youth U16 Olympiad 2023 (8.24)}) 13... gxf6 14. Ne2 Qb6 15. Nd4 Bd7 16. Qe3 Qc5 17. Qd2 a5 18. Nb3 Qb6 19. Qd4 Qc7 20. Nd2 h5 21. Nc4 Ra6 22. Ne3 Rb6 23. g4 a4 24. g5 Qc5 25. f4 Qxd4 26. Rxd4 fxg5 27. hxg5 b3 28. axb3 axb3 29. c3 Kf8 30. Nc4 Rc6 31. Be2 h4 32. e5 d5 33. Nd2 Rb6 34. c4 Bc5 35. Rd3 Bc6 36. Bf3 dxc4 37. Rd8+ Kg7 38. Rxh8 Kxh8 39. Bxc6 Rxc6 40. Ne4 Be7 41. Rxh4+ Kg7 42. Rh1 Kg6 43. Ng3 Rc8 44. Rh6+ Kg7 45. Nh5+ Kg8 46. g6 Rd8 47. Kc1 Bc5 48. Nf6+ Kg7 49. Rh3 Kxg6 50. Ne4 Bb4 51. Rf3 Kf5 52. Nf2 Rg8 0-1